000
00310nam a2200133Ia 4500
008
231017s9999 xx 000 0 und d
082
_a
620.137
082
_b
HAN
245
0
_a
Corrosion of Reinforced Bars in Concrete
245
0
_c
C.M. Hansson
260
_b
C.M. Hansson
300
_c
30cm
942
_c
REP
999
_c
604010
_d
604010